[Event "Orsha op"]
[Site "Orsha"]
[Date "2021.04.11"]
[Round "9"]
[White "Gamburg, Alexandr"]
[Black "Elkin, Leonid"]
[Result "1-0"]
[WhiteElo "1628"]
[BlackElo "2054"]
[PlyCount "37"]
[EventDate "2021.04.06"]
[EventType "swiss"]
[EventRounds "9"]
[EventCountry "BLR"]
[SourceTitle "CBM 202 Extra"]
[Source "ChessBase"]
[SourceDate "2021.07.31"]
[SourceVersion "1"]
[SourceVersionDate "2021.07.31"]
[SourceQuality "1"]

1. c4 g6 2. Nc3 Bg7 3. d4 Nf6 4. e4 d6 5. Nf3 0-0 6. Be2 e5 7. d5 a5 8. 0-0 Na6 9. Be3 Ng4 10. Bg5 f6 11. Bh4 Qe8 12. Ne1 Nh6 13. f3 f5 14. Nd3 Nf7 15. a3 Bd7 16. Bf2 Qe7 17. b4 axb4 18. axb4 b6 19. Ra2 1-0